[Event "Vsetin op 40th"]
[Site "Vsetin"]
[Date "2015.07.11"]
[Round "9"]
[White "Mieres, Petr"]
[Black "Stuchly, Ondrej"]
[Result "0-1"]
[WhiteElo "1850"]
[BlackElo "1923"]
[PlyCount "46"]
[EventDate "2015.07.04"]
[EventType "swiss"]
[EventRounds "9"]
[EventCountry "CZE"]
[SourceTitle "CBM 167 Extra"]
[Source "ChessBase"]
[SourceDate "2015.09.14"]
[SourceVersion "1"]
[SourceVersionDate "2015.09.14"]
[SourceQuality "1"]

1. e4 e6 2. d4 d5 3. Nd2 c5 4. Bb5+ Nc6 5. Ngf3 Bd6 6. 0-0 cxd4 7. exd5 exd5 8. Nb3 Nge7 9. Qxd4 0-0 10. Qh4 Qc7 11. Bd3 Ng6 12. Qh5 Nce5 13. Nxe5 Bxe5 14. f4 Bf6 15. Qxd5 Bd7 16. Bb5 Qb6+ 17. Nc5 Bxb5 18. Be3 Bxf1 19. Rxf1 Rad8 20. Qf3 Bd4 21. b4 Qxb4 22. Nd3 Bxe3+ 23. Qxe3 Qd4 0-1

[Event "Vsetin op 40th"]
[Site "Vsetin"]
[Date "2015.07.06"]
[Round "4"]
[White "Trcalek, David"]
[Black "Mieres, Petr"]
[Result "1-0"]
[WhiteElo "1679"]
[BlackElo "1850"]
[PlyCount "77"]
[EventDate "2015.07.04"]
[EventType "swiss"]
[EventRounds "9"]
[EventCountry "CZE"]
[SourceTitle "CBM 167 Extra"]
[Source "ChessBase"]
[SourceDate "2015.09.14"]
[SourceVersion "1"]
[SourceVersionDate "2015.09.14"]
[SourceQuality "1"]

1. e4 e5 2. Nf3 Nc6 3. Bb5 a6 4. Ba4 Nf6 5. 0-0 b5 6. Bb3 Be7 7. Re1 0-0 8. c3 d5 9. exd5 Nxd5 10. Nxe5 Nxe5 11. Rxe5 c6 12. d4 Bd6 13. Re1 Qh4 14. g3 Qh3 15. Qf3 Bg4 16. Qg2 Qh5 17. Be3 Rae8 18. Nd2 Re6 19. Bxd5 cxd5 20. f3 Bh3 21. Qf2 Rg6 22. Nb3 f5 23. f4 Rg4 24. Nc5 g5 25. Ne6 gxf4 26. Nxf4 Bxf4 27. Bxf4 Qf7 28. Re5 h5 29. Rae1 h4 30. Re7 hxg3 31. hxg3 Qh5 32. R1e6 Rg6 33. Qe2 Bg4 34. Rxg6+ Qxg6 35. Qe5 Bf3 36. Re6 Qh7 37. Rh6 Qg7 38. Qe6+ Qf7 39. Rg6+ 1-0

[Event "Valasska Bystrice op"]
[Site "Valasska Bystrice"]
[Date "2013.09.12"]
[Round "7"]
[White "Mieres, Petr"]
[Black "Krobak, Petr"]
[Result "0-1"]
[WhiteElo "1914"]
[BlackElo "1820"]
[PlyCount "56"]
[EventDate "2013.09.07"]
[EventType "swiss"]
[EventRounds "9"]
[EventCountry "CZE"]
[SourceTitle "CBM 156 Extra"]
[Source "ChessBase"]
[SourceDate "2013.10.22"]
[SourceVersion "1"]
[SourceVersionDate "2013.10.22"]
[SourceQuality "1"]

1. e4 c5 2. Nf3 Nc6 3. d4 cxd4 4. Nxd4 d6 5. Nc3 a6 6. Be3 Nf6 7. h3 g6 8. Qd2 Nxd4 9. Bxd4 Bg7 10. g4 0-0 11. 0-0-0 b5 12. g5 Ne8 13. Bxg7 Nxg7 14. Nd5 Ra7 15. Be2 Be6 16. h4 Qc8 17. Rdg1 Qc5 18. f4 Bxd5 19. exd5 e6 20. Bf3 Nf5 21. Rd1 Ne3 22. b4 Qb6 23. Rde1 Nc4 24. Qc3 e5 25. f5 Rc7 26. Qd3 gxf5 27. Qxf5 Qd4 28. Be4 Qa1# 0-1

[Event "Valasska Bystrice op"]
[Site "Valasska Bystrice"]
[Date "2013.09.08"]
[Round "2"]
[White "Miturova, Magdalena"]
[Black "Mieres, Petr"]
[Result "1/2-1/2"]
[WhiteElo "2097"]
[BlackElo "1914"]
[PlyCount "59"]
[EventDate "2013.09.07"]
[EventType "swiss"]
[EventRounds "9"]
[EventCountry "CZE"]
[SourceTitle "CBM 156 Extra"]
[Source "ChessBase"]
[SourceDate "2013.10.22"]
[SourceVersion "1"]
[SourceVersionDate "2013.10.22"]
[SourceQuality "1"]

1. e4 c6 2. d4 d5 3. Nc3 e6 4. Nf3 Nf6 5. Bd3 Be7 6. e5 Nfd7 7. Ne2 c5 8. c3 Nc6 9. 0-0 cxd4 10. cxd4 0-0 11. Nf4 Re8 12. h4 Nf8 13. h5 Bd7 14. a3 a5 15. Re1 a4 16. Bc2 b5 17. h6 g6 18. Bd2 Qb6 19. Bc3 Rec8 20. Nd3 Be8 21. Qd2 Nd7 22. Qf4 Qd8 23. Re2 Nb6 24. Bb4 Nxb4 25. axb4 Nc4 26. Bd1 Nb6 27. Nc5 Nd7 28. Rc2 Nxc5 29. dxc5 Bc6 30. Be2 1/2-1/2

[Event "Valasska Bystrice op"]
[Site "Valasska Bystrice"]
[Date "2013.09.07"]
[Round "1"]
[White "Mieres, Petr"]
[Black "Glacner, Karel"]
[Result "1-0"]
[WhiteElo "1914"]
[BlackElo "1571"]
[PlyCount "25"]
[EventDate "2013.09.07"]
[EventType "swiss"]
[EventRounds "9"]
[EventCountry "CZE"]
[SourceTitle "CBM 156 Extra"]
[Source "ChessBase"]
[SourceDate "2013.10.22"]
[SourceVersion "1"]
[SourceVersionDate "2013.10.22"]
[SourceQuality "1"]

1. e4 e5 2. Nf3 Nc6 3. Bb5 Nd4 4. Nxd4 exd4 5. d3 a6 6. Ba4 b5 7. Bb3 a5 8. a4 b4 9. 0-0 Ra6 10. Nd2 d6 11. Bc4 Rb6 12. Qh5 Nf6 13. Qxf7# 1-0